| 000 | 01201nam a22002297a 4500 | ||
|---|---|---|---|
| 003 | AM-YeHGA | ||
| 005 | 20250617153852.0 | ||
| 008 | 180221s xxu||||| |||| 00| 0 rus d | ||
| 040 | _aAM-YeHGA | ||
| 041 | 0 | _arus | |
| 245 | 0 | 0 |
_aСтратиграфическое значение антропогеновой фауны мелких млекопитающих : _b[К VII конгрессу INQUA в США в 1965 году] : [Сборник статей] / _cАН СССР, Геол. ин-т ; Отв. ред. К.В. Никифорова. |
| 260 |
_aМосква : _bНаука, _c1965. |
||
| 300 |
_a172 с., 3 л. схем. : _bил. |
||
| 504 | _aБиблиогр.: в конце статей | ||
| 520 | _aРезюме статей на англ. яз. | ||
| 650 | 1 | 4 |
_aГрызуны ископаемые _xЧетвертичный период _zСССР |
| 700 | 1 |
_aНикифорова, Ксения Владимировна _eред. _4edt |
|
| 710 | 2 | _aГеологический институт АН СССР | |
| 711 | 2 |
_aМеждународный конгресс по четвертичному периоду _n(7 : _d1965 ; _cСША) |
|
| 942 |
_2udc _cBK |
||
| 090 | _c402096 | ||
| 999 |
_c399924 _d399924 |
||